|
|
|
|
| LEADER |
00000nas a2200000 i 4500 |
| 001 |
ssj0000684954 |
| 003 |
WaSeSS |
| 005 |
20200512172242.0 |
| 006 |
m d |
| 007 |
cr n |
| 008 |
110512c20119999pauar s | a0eng |
| 010 |
|
|
|a 2011202756
|
| 022 |
|
|
|a 2161-3702
|
| 035 |
|
|
|a (WaSeSS)ssj0000684954
|
| 037 |
|
|
|b University Library System, University of Pittsburgh, 7500 Thomas Boulevard Room 129, Pittsburgh, PA 15260
|
| 040 |
|
|
|a DLC
|b eng
|c DLC
|d OCLCQ
|d CUS
|d OCLCQ
|d OCLCF
|d DLC
|d OCLCO
|d OCLCQ
|d WT2
|d OCLCQ
|d AU@
|d OCLCQ
|d CNMTR
|d OCLCQ
|d WaSeSS
|
| 042 |
|
|
|a pcc
|a nsdp
|
| 050 |
1 |
4 |
|a TP248.13
|
| 082 |
0 |
0 |
|a 660.6
|2 23
|
| 210 |
0 |
|
|a IIOAB lett.
|
| 222 |
|
0 |
|a IIOAB letters
|
| 245 |
0 |
0 |
|a IIOAB letters
|h [electronic resource].
|
| 246 |
3 |
|
|a Institute of Integrative Omics and Applied Biotechnology letters
|
| 260 |
|
|
|a [Pittsburgh, PA] :
|b University Library System, University of Pittsburgh,
|c 2011-
|
| 310 |
|
|
|a Annual
|
| 362 |
1 |
|
|a Began with: Vol 1, no 1 (2011).
|
| 506 |
|
|
|a License restrictions may limit access.
|
| 588 |
0 |
|
|a Vol 1, no 1 (2011); title from banner (journal homepage, viewed Mar. 31, 2014).
|
| 588 |
1 |
|
|a Vol 3, no 1 (2013) (viewed Mar. 31, 2014).
|
| 650 |
|
0 |
|a Biotechnology
|v Periodicals.
|
| 650 |
|
0 |
|a Molecular biology
|v Periodicals.
|
| 650 |
|
0 |
|a Life sciences
|v Periodicals.
|
| 650 |
|
7 |
|a Biotechnology.
|2 fast
|0 (OCoLC)fst00832729
|
| 650 |
|
7 |
|a Life sciences.
|2 fast
|0 (OCoLC)fst00998323
|
| 650 |
|
7 |
|a Molecular biology.
|2 fast
|0 (OCoLC)fst01024734
|
| 655 |
|
0 |
|a Electronic journals.
|
| 710 |
2 |
|
|a Institute of Integrative Omics and Applied Biotechnology.
|
| 710 |
2 |
|
|a University of Pittsburgh.
|b Press.
|
| 856 |
4 |
0 |
|z Full text available from Research Library: 01/01/2013 to 01/31/2013
|u https://search.proquest.com/publication/2029661
|